Poisťovne vs. maklérske spoločnosti diplomová práca

Uložené v:
Podrobná bibliografia
Hlavný autor: Myslivcová, Jana
Korporativný autor: Fakulta hospodárskej informatiky EU. Katedra matematiky
Ďalší autori: Simonka, Zsolt, 1974-
Médium: Kniha
Jazyk:Slovak
Vydavateľské údaje: Bratislava 2009
Tagy: Pridať tag
Žiadne tagy, Buďte prvý, kto otaguje tento záznam!

MARC

LEADER 00000nam$a2200000$$$4500
001 0095884
005 20240318135737.6
041 0 |a slo 
044 |a SK 
245 1 0 |a Poisťovne vs. maklérske spoločnosti  |b diplomová práca  |c Jana Myslivcová ; škol. Zsolt Simonka 
264 1 |a Bratislava  |c 2009 
300 |a 54 s. 
100 1 |a Myslivcová, Jana 
700 1 |a Simonka, Zsolt, 1974- 
710 2 |a Fakulta hospodárskej informatiky EU. Katedra matematiky